Responses for show #7815 - Friday, July 27, 2018

Last game of Season 34.

Contestants

Jerry Tsai, a data scientist from Los Angeles, California

Karla Nickels, a retired business and property manager from Newcastle, Oklahoma

Rick Terpstra, an aspiring English teacher from Havertown, Pennsylvania (whose 1-day cash winnings total $23,201)

Jeopardy! Round responses

TRAVEL HAWAII
QUICK BOOKS
QUOTABLE WOMEN
THE WORST PICTURE RAZZIE
SOUNDS LIKE IT TO ME
KEEP ON TRUCKIN'
    $200 6
Pearl Harbor

Jerry
    $200 1
(Jerry: What is White Fang?)

Call of the Wild

KarlaJerry
    $200 22
Marilyn Monroe

Karla
    $200 16
The Fantastic 4

Rick
    $200 2
thud

Jerry
    $200 25
a semi (or tractor)

Karla
    $400 5
Kona

Jerry
    $400 9
Wuthering Heights

Karla
    $400 20
Grandma Moses

Jerry
    $400 17
Mommie Dearest

Rick
    $400 8
pitter-patter

Rick
    $400 26
(Jerry: What is a pick-up truck?)

a wrecker (or tow truck)

KarlaJerry
    $600 3
Aloha Tower

Rick
    $1,600 11
Pride and Prejudice

Rick
    $600 19
Eleanor Roosevelt

Jerry
    $600 15
(Sharon) Stone

Rick
    $600 10
chug

Rick
    $600 27
eighteen

Rick
    $800 4
(Daniel) Inouye

Jerry
    $800 12
The Grapes of Wrath

Jerry
    $800 21
Joan of Arc

Jerry
    $800 18
Wild Wild West

Jerry
    $800 14
(Rick: What is a timpani?)

a gong

RickJerry
    $1000 7
Iolani Palace

Karla
    $1000 13
The Wind in the Willows

Jerry
    $1000 23
Diane Arbus

Triple Stumper
    $1000 28
[The end-of-round signal sounds.]

Bruce Willis

Rick
    $1000 24
(Jerry: What is hee-haw?)
(Rick: What is neigh?)
...
(Alex: Less than a minute now.)

whinny

RickJerry
Triple Stumper

Scores at the first commercial break (after clue 15):

Rick Karla Jerry
$3,000 $1,600 $4,000

Scores at the end of the Jeopardy! Round:

Rick Karla Jerry
$4,200 $2,400 $5,200

Double Jeopardy! Round responses

CLASSICAL MUSIC TERMS
AROUND THE BODY
DEFUNCT SPORTS FRANCHISES
NORSE GODS
FOUND IN TRANSLATION
(Alex: Each correct response will be a word--a shorter word than "translation", but made up of the letters in "translation".)
THE U.S. CONGRESS WITH NANCY PELOSI
(Nancy Pelosi: I'm House Democratic Leader Nancy Pelosi, here to present clues about the U.S. Congress.)
    $400 16
pizzicato

Jerry
    $400 1
ovaries

Rick
    $400 2
Buffalo

Rick
    $400 10
Friday

Rick
    $400 13
ration

Triple Stumper
    $400 29
(Rick: What is 438?)

435

RickJerry
    $800 8
alto

Rick
    $800 5
the wrist

Jerry
    $800 3
the Capitols

Jerry
    $800 14
delivering messages (or messenger)

Jerry
    $800 22
(Jerry: What is a... toast?)

a roast

RickJerry
    $800 26
(Rick: What is 1776?)

1812

RickKarla
    $1200 15
allemande

Jerry
    $3,000 4
exocrine and endocrine

Jerry
    $1200 9
(Jerry: What is Philadelphia?)

St. Louis

KarlaJerry
    $1200 19
poems

Rick
    $1200 23
strata

Triple Stumper
    $1200 27
Puerto Rico

Karla
    $1600 17
basso profundo

Rick
    $1600 7
the dentin

Jerry
    $1600 11
Staten Island

Rick
    $1600 20
(Jerry: What is noon?)

sunrise

RickJerry
    $1600 24
(Rick: What is slant?)
[Originally ruled incorrect, ruled correct at the end of the Double Jeopardy! Round.]

list (or slant)

Rick
    $1600 28
DACA

Jerry
    $2000 18
da capo

Jerry
    $2000 6
the carotid arteries

Jerry
    $2,000 12
Baltimore

Rick
    $2000 21
Hel

Rick
    $2000 25
OnStar

Jerry
    $2000 30
(Alex: And our sincere thanks to Nancy Pelosi for helping us out with that U.S. Congress category.)

Shirley Chisholm

Triple Stumper

Scores at the end of the Double Jeopardy! Round:

Rick Karla Jerry
$17,400 $5,600 $18,200

[wagering suggestions for these scores]

Final Jeopardy! Round responses

AMERICAN HISTORY
KarlaWhat is ?
$0
RickWhat is Bunker Hill?
$801
JerryWhat is Fort Sumter?
$16,801
the Battle of Lexington

Final scores:

Rick Karla Jerry
$16,599 $5,600 $1,399
2-day champion: $39,800 2nd place: $2,000 3rd place: $1,000

Game dynamics:

Coryat scores:

Rick Karla Jerry
$16,400 $5,600 $16,400
21 R
(including 2 DDs),
4 W
9 R,
0 W
23 R
(including 1 DD),
6 W

Combined Coryat: $38,400

The J! Archive is created by fans, for fans. The Jeopardy! game show and all elements thereof, including but not limited to copyright and trademark thereto, are the property of Jeopardy Productions, Inc. and are protected under law. This website is not affiliated with, sponsored by, or operated by Jeopardy Productions, Inc. Join the discussion at JBoard.tv.